000 00293nam a22001337a 4500
008 181022b xxu||||| |||| 00| 0 eng d
020 _a9780395744154
041 _aeng
080 _25th
_a540
100 _a12
101 _aKIM
245 _aGeneral Chemistry
_cEbbing,D.D
942 _2udc
_cBK
999 _c50474
_d50474